000 00536nam a2200157Ia 4500
008 160316s2012 xxu||||| |||| 00| 0 eng d
082 _a327.000000
_bCAP
100 _aCaporaso James A
245 _aGlobalization, institutions and governance
250 _a
260 _aLondon
_bSage Publications
_c2012
300 _a190p
_b
_cvii
365 _bRs. 2,121
650 _a1. Globalization - Political Aspects 2. Globalization - Economic Aspects 3. Corporate Governance - International Economic Relations
700 _aMadeira Mary Anne
_a
999 _c31300
_d31300